Flos sanctorum : (Record no. 163439)
[ view plain ]
| 000 -LEADER | |
|---|---|
| campo de control de longitud fija | 01116nam a22002055i 4500 |
| 001 - NÚMERO DE CONTROL | |
| campo de control | 163439 |
| 003 - IDENTIFICADOR DE NÚMERO DE CONTROL | |
| campo de control | ES-MaACL |
| 005 - FECHA Y HORA DE LA ÚLTIMA TRANSACCIÓN | |
| campo de control | 20250918063041.0 |
| 008 - DATOS DE LONGITUD FIJA--INFORMACIÓN GENERAL | |
| campo de control de longitud fija | 951113m18621865sp |||| | spa d |
| 080 ## - NÚMERO DE LA CLASIFICACIÓN DECIMAL UNIVERSAL | |
| Número de la Clasificación Decimal Universal | 929(100):235.3 |
| 100 1# - ENTRADA PRINCIPAL--NOMBRE DE PERSONA | |
| Nombre de persona | Ribadeneira, Pedro de, |
| Fechas asociadas al nombre | 1527-1611 |
| 9 (RLIN) | 147986 |
| 245 10 - MENCIÓN DEL TÍTULO | |
| Título | Flos sanctorum : |
| Resto del título | nuevo año cristiano : vidas de los santos / |
| Mención de responsabilidad, etc. | por Pedro de Ribadeneyra ; va adicionada esta obra con las vidas de los santos más notables que se han canonizado posteriormente, y con las lecciones del martirologio. |
| 260 ## - PUBLICACIÓN, DISTRIBUCIÓN, ETC. | |
| Lugar de publicación, distribución, etc. | Cádiz : |
| Nombre del editor, distribuidor, etc. | [s.n.], |
| Fecha de publicación, distribución, etc. | 1862-1865 ( |
| Fabricante | Imp. y Lit. de la Revista Médica) |
| 300 ## - DESCRIPCIÓN FÍSICA | |
| Extensión | 12 v. ; |
| Dimensiones | 19 cm. |
| 597 ## - NOTA DE DESCRIPCIÓN FÍSICA | |
| NOTA DE DESCRIPCIÓN FÍSICA | Vol. I (484 p.) -- vol. II (528 p.) -- vol. III (372 p.) -- vol. IV (528 p. ) -- vol. V (377 p.) -- vol. VI (419 p.) -- vol. VII (487 p.) -- vol. VIII (429 p.) -- vol. IX (399 p.) -- vol. X (428 p.) -- vol. XI (399 p.) -- vol. XII (350 p.) |
| 650 #4 - PUNTO DE ACCESO ADICIONAL DE MATERIA--TÉRMINO DE MATERIA | |
| Término de materia o nombre geográfico como elemento de entrada | Calendario eclesiástico. |
| 9 (RLIN) | 135709 |
| 650 #4 - PUNTO DE ACCESO ADICIONAL DE MATERIA--TÉRMINO DE MATERIA | |
| Término de materia o nombre geográfico como elemento de entrada | Santos cristianos- |
| Subdivisión general | Biografías. |
| 9 (RLIN) | 159200 |
| 852 4# - LOCALIZACIÓN | |
| Ubicación | ES-MaACL |
| Número de control de estantería | C-20067-78 |
| Nota libre | - Enc. hol. |
| Encuadernación | Olim: F-11223-34 |
| Estatus retirado | Estado de pérdida | Estado de daño | No para préstamo | Colección | Biblioteca de origen | Biblioteca actual | Ubicación en estantería | Fecha de adquisición | Total de préstamos | Signatura topográfica completa | Código de barras | Visto por última vez | Precio de reemplazo | Tipo de ítem Koha |
|---|---|---|---|---|---|---|---|---|---|---|---|---|---|---|
| Libros del s. XIX | Biblioteca del Ateneo de Madrid | Biblioteca del Ateneo de Madrid | Mesetón | 17/01/2008 | C-20067-78 | 1171269 | 23/02/2023 | 23/02/2023 | Libro impreso antiguo |
